Istanbul : Constantinople

Αποθηκεύτηκε σε:
Λεπτομέρειες βιβλιογραφικής εγγραφής
Κύριος συγγραφέας: Hurlimann, Martin, 1897-1984
Μορφή: Βιβλίο
Γλώσσα:French
Δημοσίευση: Paris : Les editions Braun and Cie , 1958
Σειρά:Atlantis
Θέματα:
Ετικέτες: Προσθήκη ετικέτας
Δεν υπάρχουν, Καταχωρήστε ετικέτα πρώτοι!

MARC

LEADER 00000cam a2200000 i 4500
001 1/13240
008 980219s1958 fre d
035 |1 ΠΑΡ  |a 1997  |l 10018963 
040 |a GR-MY-UA  |b gre  |e aacr 
041 0 |a fre 
082 0 |a 949.618 
100 1 |a Hurlimann, Martin,   |d 1897-1984. 
245 1 0 |a Istanbul :  |b Constantinople /  |c Martin Hurlimann 
260 |a Paris :   |b Les editions Braun and Cie ,   |c 1958 
300 |a 146 p.  |b ill. 
490 1 |a Atlantis 
651 0 |a Istanbul (Turkey)  |x History. 
830 0 |a Atlantis 
852 |a INST  |b LESVOS  |e 19980219  |h 949.618 HUR  |p 005100015064  |q 005100015064  |t BK  |y 0 
909 |a Λ  |b 050912 
970 |z 2000/05/ΟΙΚΟΝΟΜΟΠΟΥΛΟΥ ΧΡΙΣΤΙΝΑ